[Event "Nizhnij Novgorod Dubinin Memorial 15th"]
[Site "Nizhnij Novgorod"]
[Date "2008.01.??"]
[Round "?"]
[White "Krylov, D."]
[Black "Vinogradov, Valeri"]
[Result "0-1"]
[WhiteElo "2391"]
[BlackElo "2148"]
[PlyCount "58"]
[EventDate "2008.01.??"]
[EventType "swiss"]
[EventRounds "9"]
[EventCountry "RUS"]
[SourceTitle "CBM 122 Extra"]
[Source "ChessBase"]
[SourceDate "2008.03.04"]
[SourceVersion "1"]
[SourceVersionDate "2008.03.04"]
[SourceQuality "1"]

1. e4 c5 2. Nf3 Nc6 3. d4 cxd4 4. Nxd4 g6 5. Nc3 Bg7 6. Be3 d6 7. Qd2 Nf6 8. f3 0-0 9. 0-0-0 Bd7 10. h4 h5 11. Be2 Ne5 12. Nd5 Nxd5 13. exd5 f5 14. Bg5 Rc8 15. Qe3 Bf6 16. Bxf6 Rxf6 17. f4 Ng4 18. Bxg4 fxg4 19. f5 Bxf5 20. Nxf5 Rxf5 21. Qe6+ Kg7 22. Rhf1 Rf6 23. Qe3 b6 24. Rde1 Rc7 25. Rxf6 exf6 26. Qe6 Rf7 27. Qe3 f5 28. Qg5 Qxg5+ 29. hxg5 f4 0-1